La enseñanza agraria en el siglo XIX (Record no. 182102)
[ view plain ]
| 000 -LEADER | |
|---|---|
| campo de control de longitud fija | 00821nam a2200193 i 4500 |
| 001 - NÚMERO DE CONTROL | |
| campo de control | 182102 |
| 003 - IDENTIFICADOR DE NÚMERO DE CONTROL | |
| campo de control | ES-MaACL |
| 005 - FECHA Y HORA DE LA ÚLTIMA TRANSACCIÓN | |
| campo de control | 20230906221529.0 |
| 008 - DATOS DE LONGITUD FIJA--INFORMACIÓN GENERAL | |
| campo de control de longitud fija | 130605s1980 sp |||| | spa d |
| 080 ## - NÚMERO DE LA CLASIFICACIÓN DECIMAL UNIVERSAL | |
| Número de la Clasificación Decimal Universal | 377.4(464.1 M.) Jardineros Horticultores:635 |
| 080 ## - NÚMERO DE LA CLASIFICACIÓN DECIMAL UNIVERSAL | |
| Número de la Clasificación Decimal Universal | 635:377.4(464.1 M.) Jardineros Horticultores |
| 100 1# - ENTRADA PRINCIPAL--NOMBRE DE PERSONA | |
| Nombre de persona | Negrín Fajardo, Olegario. |
| 9 (RLIN) | 85310 |
| 245 13 - MENCIÓN DEL TÍTULO | |
| Título | La enseñanza agraria en el siglo XIX |
| Resto del título | : La Escuela Normal de Jardineros Horticultores de Madrid (1847-1860) / |
| Mención de responsabilidad, etc. | Olegario Negrín Fajardo. |
| 260 ## - PUBLICACIÓN, DISTRIBUCIÓN, ETC. | |
| Lugar de publicación, distribución, etc. | [Madrid?] : |
| Nombre del editor, distribuidor, etc. | Sociedad Española de Pedagogía, |
| Fecha de publicación, distribución, etc. | [1980?] |
| 300 ## - DESCRIPCIÓN FÍSICA | |
| Extensión | p. 139-150 ; |
| Dimensiones | 24 cm. |
| 500 ## - NOTA GENERAL | |
| Nota general | Separata de: Revista Española de Pedagogía, Enero-Marzo 1979 ; nº 143. |
| 610 24 - PUNTO DE ACCESO ADICIONAL DE MATERIA--NOMBRE DE ENTIDAD CORPORATIVA | |
| Nombre de entidad corporativa o nombre de jurisdicción como elemento de entrada | Escuela Normal de Jardineros Horticultores (Madrid) |
| 9 (RLIN) | 152845 |
| 852 ## - LOCALIZACIÓN | |
| Ubicación | ES-MaACL |
| Número de control de estantería | 2141-F-28 |
| Estatus retirado | Estado de pérdida | Estado de daño | No para préstamo | Colección | Biblioteca de origen | Biblioteca actual | Ubicación en estantería | Fecha de adquisición | Fuente de adquisición | Total de préstamos | Signatura topográfica completa | Código de barras | Visto por última vez | Precio de reemplazo | Tipo de ítem Koha |
|---|---|---|---|---|---|---|---|---|---|---|---|---|---|---|---|
| Colección de folletos | Biblioteca del Ateneo de Madrid | Biblioteca del Ateneo de Madrid | Depósito folletos | 05/06/2013 | 2141-F-28 | 1191365 | 23/02/2023 | 23/02/2023 | Folleto |
